Statistiques concernant Les 50 personnages les plus puissants de Dragon Ball

Cliquez ici pour prendre le quiz!

Statistiques générales

  • Ce quiz a été pris 2 843 fois
  • Le résultat moyen est 29 sur 50

Statistiques - réponses

HintRéponse% Correct
PrinceVegeta
97%
Fils du hérosSonGohan
95%
HérosSonGoku
93%
Fusion potalaVegeto
92%
Fils de BulmaTrunks
90%
Tyran de l'universFreezer
89%
Deuxième fils du hérosGoten
88%
L'être parfaitCell
86%
NamekPiccolo
85%
LapisC-17
84%
LazuliC-18
84%
Meilleur ami du hérosKrilin
84%
Le plus puissant des androidsC-16
79%
Créateur des androidsDr Gero
75%
Android détruit par VegetaC-19
73%
Humain à trois yeuxTienshinhan
73%
FusionGotenks
72%
Père du hérosBardock
71%
Brigand devenu expert en art martiauxYamcha
71%
Frère du hérosRaditz
70%
Chef du Commando de FreezerGinyu
66%
Maitre de GokuMutenroshi
66%
Roi des démonsDabura
65%
Gros, coupe la queue de Vegeta en OzaruYajirobe
61%
ChauveNappa
58%
Le père du tyranCold
55%
Guerrier NamekNail
53%
Plus faible membre du CommandoGuldo
49%
Dieu de la terreKami
49%
ChatKarin
47%
Frère du maitre des gruesTaopaipai
47%
Soldat de Freezer capable de se transformerZarbon
47%
Membre du Commando : RougeJeece
46%
Serviteur du Dieu de la terreMr. Popo
46%
Soldat de FreezerDodoria
43%
Voyageur du tempsMirai Trunks
43%
Membre du CommandoRecoom
43%
Membre du Commando : BleuButta
41%
Soldat de Freezer rival de VegetaKiwi
40%
le dernier des DieuxKaioshin
39%
Fusions des kaioshinsKibitoshin
34%
Slodat de BabidiPui-Pui
31%
Créature humanoïde vertsSaibamen
29%
Monstre de BabidiYakon
27%
Démon vaincu par GokuPiccolo Daimao
25%
Sbire du demon tué par YajirobeTambourine
22%
MajinSuper Buu
17%
Sbire du demon tué par GokuCymbale
13%
Sbire du démonDrum
9%
Ancien élève du maitre des gruesChaotzu
7%

Distribution des résultats

Percentile par nombre de réponses

% des personnes avec chaque résultat

Votre développement - résultats

Vous n’avez pas pris ce quiz